Statistiche per Lingue ufficiali nel maggior numero di Stati

Clicka qui per fare il quiz!

Statistiche generali

  • Questo quiz è stato fatto 9 volte
  • Il punteggio medio è 9 su 11

Statistiche sulle risposte

Numero di nazioni in cui è lingua ufficialeLingua% Corretto
28Francese
100%
58Inglese
100%
4Italiano
100%
9Portoghese
100%
21Spagnolo
100%
6Tedesco
100%
25Arabo
89%
5Russo
89%
4Serbo-Croato
44%
5Swahili
22%
4Malese
11%

Distribuzione punteggi

Percentile per numero di risposta

Percentuale di utenti per punteggio

I tuoi punteggi nel tempo

Non hai fatto questo quiz